[Event "2024 National Elementary (K-6) Championship"]
[Site "Columbus, Ohio, United States"]
[Date "2024.04.26"]
[Round "2.11"]
[White "Le-Tran, Leo"]
[Black "Guo, Ethan"]
[Result "1/2-1/2"]
[TimeControl "G/90; d10"]
[BlackTitle "CM"]
[WhiteFideId "39946436"]
[BlackFideId "30976359"]
[WhiteElo "1675"]
[BlackElo "2248"]

1. d4 {[%clk 01:29:57]} {[%emt 00:00:13]} Nf6 {[%clk 01:30:00]} {[%emt
00:00:04]} 2. Bf4 {[%clk 01:29:57]} {[%emt 00:00:07]} d5 {[%clk 01:30:00]}
{[%emt 00:00:06]} 3. e3 {[%clk 01:29:57]} {[%emt 00:00:06]} c5 {[%clk
01:29:53]} {[%emt 00:00:17]} 4. Nf3 {[%clk 01:29:54]} {[%emt 00:00:14]} Nc6
{[%clk 01:29:44]} {[%emt 00:00:19]} 5. Nbd2 {[%clk 01:29:54]} {[%emt 00:00:09]}
Qb6 {[%clk 01:29:44]} {[%emt 00:00:10]} 6. dxc5 {[%clk 01:29:51]} {[%emt
00:00:14]} Qxb2 {[%clk 01:29:44]} {[%emt 00:00:05]} 7. Rb1 {[%clk 01:29:51]}
{[%emt 00:00:09]} Qc3 {[%clk 01:29:42]} {[%emt 00:00:12]} 8. Bb5 {[%clk
01:29:49]} {[%emt 00:00:12]} g6 {[%clk 01:29:41]} {[%emt 00:00:11]} 9. e4
{[%clk 01:27:12]} {[%emt 00:02:47]} Bg7 {[%clk 01:19:24]} {[%emt 00:10:26]} 10.
Be5 {[%clk 01:26:06]} {[%emt 00:01:17]} Qxc5 {[%clk 01:18:00]} {[%emt
00:01:34]} 11. Bd4 {[%clk 01:25:40]} {[%emt 00:00:36]} Qd6 {[%clk 01:16:01]}
{[%emt 00:02:09]} 12. e5 {[%clk 01:24:40]} {[%emt 00:01:10]} Qe6 {[%clk
01:15:18]} {[%emt 00:00:53]} 13. Ng5 {[%clk 01:24:00]} {[%emt 00:00:50]} Qf5
{[%clk 01:14:08]} {[%emt 00:01:19]} 14. exf6 {[%clk 01:23:48]} {[%emt
00:00:22]} Bxf6 {[%clk 01:13:57]} {[%emt 00:00:21]} 15. Bxf6 {[%clk 01:22:22]}
{[%emt 00:01:36]} Qxf6 {[%clk 01:13:56]} {[%emt 00:00:11]} 16. Ngf3 {[%clk
01:21:08]} {[%emt 00:01:24]} O-O {[%clk 01:13:45]} {[%emt 00:00:22]} 17. O-O
{[%clk 01:20:52]} {[%emt 00:00:26]} Bf5 {[%clk 01:10:26]} {[%emt 00:03:29]} 18.
Re1 {[%clk 01:18:01]} {[%emt 00:03:00]} e6 {[%clk 01:05:20]} {[%emt 00:05:16]}
19. Bxc6 {[%clk 01:15:59]} {[%emt 00:02:12]} bxc6 {[%clk 01:05:20]} {[%emt
00:00:07]} 20. Ne5 {[%clk 01:15:48]} {[%emt 00:00:21]} Qe7 {[%clk 01:02:10]}
{[%emt 00:03:20]} 21. g4 {[%clk 01:13:00]} {[%emt 00:02:59]} Be4 {[%clk
01:01:51]} {[%emt 00:00:29]} 22. Nxe4 {[%clk 01:12:17]} {[%emt 00:00:52]} dxe4
{[%clk 01:01:51]} {[%emt 00:00:06]} 23. Nd7 {[%clk 01:06:04]} {[%emt 00:06:23]}
Rad8 {[%clk 00:59:33]} {[%emt 00:02:28]} 24. Rb7 {[%clk 01:06:02]} {[%emt
00:00:12]} f5 {[%clk 00:58:42]} {[%emt 00:01:01]} 25. Qd2 {[%clk 01:01:23]}
{[%emt 00:04:49]} e3 {[%clk 00:42:53]} {[%emt 00:15:59]} 26. Rxe3 {[%clk
00:57:35]} {[%emt 00:03:57]} Qg5 {[%clk 00:42:01]} {[%emt 00:01:02]} 27. Rd3
{[%clk 00:54:59]} {[%emt 00:02:46]} Qxg4+ {[%clk 00:41:34]} {[%emt 00:00:37]}
28. Rg3 {[%clk 00:54:46]} {[%emt 00:00:24]} Qh4 {[%clk 00:41:08]} {[%emt
00:00:36]} 29. Qd6 {[%clk 00:52:33]} {[%emt 00:02:22]} Rfe8 {[%clk 00:35:20]}
{[%emt 00:05:57]} 30. Qe5 {[%clk 00:50:30]} {[%emt 00:02:14]} Re7 {[%clk
00:34:55]} {[%emt 00:00:35]} 31. Nf6+ {[%clk 00:49:01]} {[%emt 00:01:39]} Kf8
{[%clk 00:34:10]} {[%emt 00:00:55]} 32. Rxe7 {[%clk 00:47:51]} {[%emt
00:01:21]} Rd1+ {[%clk 00:34:10]} {[%emt 00:00:04]} 33. Kg2 {[%clk 00:47:51]}
{[%emt 00:00:08]} Kxe7 {[%clk 00:34:08]} {[%emt 00:00:13]} 34. Ng8+ {[%clk
00:45:58]} {[%emt 00:02:02]} Kf7 {[%clk 00:33:33]} {[%emt 00:00:45]} 35. Re3
{[%clk 00:42:09]} {[%emt 00:03:58]} Qg4+ {[%clk 00:33:04]} {[%emt 00:00:40]} 36.
Rg3 {[%clk 00:42:04]} {[%emt 00:00:16]} Qh4 {[%clk 00:33:04]} {[%emt 00:00:08]}
37. Re3 {[%clk 00:41:58]} {[%emt 00:00:15]} Qg4+ {[%clk 00:33:04]} {[%emt
00:00:06]} 1/2-1/2

[Event "2024 National Elementary (K-6) Championship"]
[Site "Columbus, Ohio, United States"]
[Date "2024.04.26"]
[Round "2.12"]
[White "Radhakrishnan, Sharath"]
[Black "Mukherjee, Sathvik"]
[Result "1-0"]
[TimeControl "G/90; d10"]
[WhiteFideId "39900452"]
[BlackFideId "39927385"]
[WhiteElo "2205"]
[BlackElo "1664"]

1. e4 {[%clk 01:30:00]} e6 {[%clk 01:30:00]} {[%emt 00:00:05]} 2. d4 {[%clk
01:30:00]} {[%emt 00:00:05]} d5 {[%clk 01:30:00]} {[%emt 00:00:10]} 3. e5
{[%clk 01:30:00]} {[%emt 00:00:06]} c5 {[%clk 01:29:59]} {[%emt 00:00:11]} 4.
c3 {[%clk 01:30:00]} {[%emt 00:00:03]} Nc6 {[%clk 01:29:59]} {[%emt 00:00:08]}
5. Nf3 {[%clk 01:30:00]} {[%emt 00:00:04]} Qb6 {[%clk 01:29:41]} {[%emt
00:00:27]} 6. Be2 {[%clk 01:30:00]} {[%emt 00:00:06]} cxd4 {[%clk 01:27:16]}
{[%emt 00:02:34]} 7. cxd4 {[%clk 01:29:41]} {[%emt 00:00:31]} Nge7 {[%clk
01:26:56]} {[%emt 00:00:29]} 8. Na3 {[%clk 01:29:16]} {[%emt 00:00:35]} a6
{[%clk 01:26:08]} {[%emt 00:00:58]} 9. O-O {[%clk 01:28:35]} {[%emt 00:00:51]}
Ng6 {[%clk 01:25:06]} {[%emt 00:01:12]} 10. Nc2 {[%clk 01:27:54]} {[%emt
00:00:49]} Be7 {[%clk 01:24:38]} {[%emt 00:00:40]} 11. Rb1 {[%clk 01:26:03]}
{[%emt 00:02:00]} Bd7 {[%clk 01:23:42]} {[%emt 00:01:05]} 12. g3 {[%clk
01:23:52]} {[%emt 00:02:23]} Nb4 {[%clk 01:22:52]} {[%emt 00:01:00]} 13. Nxb4
{[%clk 01:23:15]} {[%emt 00:00:48]} Bxb4 {[%clk 01:22:07]} {[%emt 00:00:53]} 14.
h4 {[%clk 01:22:32]} {[%emt 00:00:54]} Qa7 {[%clk 01:20:21]} {[%emt 00:01:56]}
15. h5 {[%clk 01:20:09]} {[%emt 00:02:34]} Ne7 {[%clk 01:20:20]} {[%emt
00:00:10]} 16. h6 {[%clk 01:18:55]} {[%emt 00:01:24]} gxh6 {[%clk 01:18:28]}
{[%emt 00:02:01]} 17. Bd3 {[%clk 01:12:57]} {[%emt 00:06:09]} Nc6 {[%clk
01:15:31]} {[%emt 00:03:07]} 18. Bc2 {[%clk 01:11:38]} {[%emt 00:01:29]} Bf8
{[%clk 01:15:07]} {[%emt 00:00:34]} 19. Kg2 {[%clk 01:05:39]} {[%emt 00:06:09]}
Bg7 {[%clk 01:14:35]} {[%emt 00:00:41]} 20. Rh1 {[%clk 01:04:59]} {[%emt
00:00:51]} f5 {[%clk 01:13:53]} {[%emt 00:00:52]} 21. exf6 {[%clk 00:59:05]}
{[%emt 00:06:04]} Bxf6 {[%clk 01:13:46]} {[%emt 00:00:15]} 22. Rxh6 {[%clk
00:58:28]} {[%emt 00:00:48]} Bxd4 {[%clk 01:13:00]} {[%emt 00:00:55]} 23. Nxd4
{[%clk 00:58:14]} {[%emt 00:00:26]} Qxd4 {[%clk 01:08:11]} {[%emt 00:04:58]} 24.
Qh5+ {[%clk 00:56:10]} {[%emt 00:02:15]} Kf8 {[%clk 01:07:30]} {[%emt
00:00:49]} 25. Be3 {[%clk 00:55:42]} {[%emt 00:00:38]} Qe5 {[%clk 00:52:59]}
{[%emt 00:14:43]} 26. Qf3+ {[%clk 00:48:51]} {[%emt 00:07:00]} Ke8 {[%clk
00:50:27]} {[%emt 00:02:43]} 27. Bxh7 {[%clk 00:41:03]} {[%emt 00:07:58]} Nd4
{[%clk 00:39:33]} {[%emt 00:11:02]} 28. Bg6+ {[%clk 00:36:44]} {[%emt
00:04:30]} Kd8 {[%clk 00:35:51]} {[%emt 00:03:53]} 29. Rxh8+ {[%clk 00:36:38]}
{[%emt 00:00:16]} Qxh8 {[%clk 00:35:44]} {[%emt 00:00:16]} 30. Bxd4 {[%clk
00:36:38]} {[%emt 00:00:07]} e5 {[%clk 00:32:45]} {[%emt 00:03:08]} 31. Bb6+
{[%clk 00:34:38]} {[%emt 00:02:12]} Ke7 {[%clk 00:31:54]} {[%emt 00:01:00]} 32.
Rh1 {[%clk 00:33:05]} {[%emt 00:01:43]} Qf6 {[%clk 00:30:12]} {[%emt 00:01:52]}
33. Rh7+ {[%clk 00:32:56]} {[%emt 00:00:19]} Ke6 {[%clk 00:30:11]} {[%emt
00:00:12]} 34. Qg4+ {[%clk 00:32:56]} {[%emt 00:00:06]} Kd6 {[%clk 00:30:11]}
{[%emt 00:00:04]} 35. Qxd7# {[%clk 00:32:56]} {[%emt 00:00:06]} 1-0

[Event "2024 National Elementary (K-6) Championship"]
[Site "Columbus, Ohio, United States"]
[Date "2024.04.26"]
[Round "2.13"]
[White "Shin, Theodore"]
[Black "Wang, Ted"]
[Result "0-1"]
[TimeControl "G/90; d10"]
[BlackFideId "30990459"]
[WhiteElo "1655"]
[BlackElo "2130"]

1. d4 {[%clk 01:30:00]} {[%emt 00:00:17]} Nf6 {[%clk 01:30:00]} {[%emt
00:00:06]} 2. c4 {[%clk 01:30:00]} g6 {[%clk 01:30:00]} {[%emt 00:00:04]} 3.
Nc3 {[%clk 01:30:00]} {[%emt 00:00:08]} Bg7 {[%clk 01:30:00]} {[%emt 00:00:08]}
4. e4 {[%clk 01:29:58]} {[%emt 00:00:06]} d6 {[%clk 01:30:00]} {[%emt
00:00:03]} 5. Be2 {[%clk 01:29:51]} {[%emt 00:00:14]} O-O {[%clk 01:29:58]}
{[%emt 00:00:17]} 6. Be3 {[%clk 01:29:36]} {[%emt 00:00:26]} Nbd7 {[%clk
01:29:44]} {[%emt 00:00:23]} 7. Nf3 {[%clk 01:29:29]} {[%emt 00:00:14]} e5
{[%clk 01:29:42]} {[%emt 00:00:13]} 8. d5 {[%clk 01:27:50]} {[%emt 00:01:47]}
Ng4 {[%clk 01:29:33]} {[%emt 00:00:45]} 9. Bg5 {[%clk 01:27:16]} {[%emt
00:00:20]} f6 {[%clk 01:29:33]} {[%emt 00:00:06]} 10. Bh4 {[%clk 01:26:55]}
{[%emt 00:00:28]} h5 {[%clk 01:29:12]} {[%emt 00:00:34]} 11. Nd2 {[%clk
01:23:27]} {[%emt 00:03:37]} Nh6 {[%clk 01:29:08]} {[%emt 00:00:13]} 12. h3
{[%clk 01:15:02]} {[%emt 00:08:35]} a5 {[%clk 01:27:26]} {[%emt 00:01:52]} 13.
O-O {[%clk 01:06:50]} {[%emt 00:08:20]} Nc5 {[%clk 01:26:13]} {[%emt 00:01:24]}
14. a3 {[%clk 01:04:35]} {[%emt 00:02:26]} a4 {[%emt 00:06:49]} 15. Rc1 {[%clk
00:52:59]} {[%emt 00:05:07]} Bd7 {[%clk 01:25:10]} {[%emt 00:01:14]} 16. Qc2
{[%clk 00:48:46]} {[%emt 00:04:19]} c6 {[%clk 01:23:58]} {[%emt 00:01:25]} 17.
Rfe1 {[%clk 00:46:11]} {[%emt 00:02:44]} Qa5 {[%clk 01:22:00]} {[%emt
00:02:35]} 18. Nf1 {[%clk 00:40:11]} {[%emt 00:05:41]} Nb3 {[%clk 01:21:20]}
{[%emt 00:01:15]} 19. Rcd1 {[%clk 00:39:58]} {[%emt 00:00:07]} Nd4 {[%clk
01:21:18]} {[%emt 00:00:05]} 20. Qd2 {[%clk 00:39:44]} {[%emt 00:00:21]} Kh7
{[%clk 01:19:51]} {[%emt 00:01:46]} 21. Bd3 {[%clk 00:37:41]} {[%emt 00:02:11]}
Bxh3 {[%clk 01:18:56]} {[%emt 00:01:02]} 22. Ne2 {[%clk 00:35:20]} {[%emt
00:02:30]} Qxd2 {[%clk 01:15:54]} {[%emt 00:03:12]} 23. Nxd2 {[%clk 00:35:20]}
{[%emt 00:00:13]} Nxe2+ {[%clk 01:15:41]} {[%emt 00:00:36]} 24. Bxe2 {[%clk
00:35:20]} {[%emt 00:00:04]} Bd7 {[%clk 01:15:24]} {[%emt 00:00:13]} 25. Nb1
{[%clk 00:34:18]} {[%emt 00:01:12]} c5 {[%clk 01:14:40]} {[%emt 00:00:56]} 26.
Nc3 {[%clk 00:34:12]} {[%emt 00:00:17]} Nf7 {[%clk 01:14:35]} {[%emt 00:00:13]}
27. Bd3 {[%clk 00:32:43]} {[%emt 00:01:39]} Rfc8 {[%clk 01:13:50]} {[%emt
00:00:55]} 28. Bc2 {[%clk 00:30:18]} {[%emt 00:02:35]} Kg8 {[%clk 01:13:18]}
{[%emt 00:00:42]} 29. f3 {[%clk 00:26:22]} {[%emt 00:04:09]} Ra5 {[%clk
01:11:34]} {[%emt 00:01:52]} 30. Bd3 {[%clk 00:23:43]} {[%emt 00:02:48]} f5
{[%clk 01:10:15]} {[%emt 00:01:32]} 31. exf5 {[%clk 00:21:24]} {[%emt
00:02:26]} gxf5 {[%clk 01:10:15]} {[%emt 00:00:12]} 32. Bf2 {[%clk 00:19:43]}
{[%emt 00:01:45]} Bf6 {[%clk 01:10:09]} {[%emt 00:00:14]} 33. Be3 {[%clk
00:19:01]} {[%emt 00:00:49]} Kg7 {[%clk 01:09:29]} {[%emt 00:00:52]} 34. Bd2
{[%clk 00:18:55]} {[%emt 00:00:46]} Raa8 {[%clk 01:09:20]} 35. Bc2 {[%clk
00:18:18]} {[%emt 00:00:36]} h4 {[%clk 01:08:24]} {[%emt 00:01:07]} 36. Kf2
{[%clk 00:17:18]} {[%emt 00:01:12]} Rh8 {[%clk 01:07:02]} {[%emt 00:01:50]} 37.
Rh1 {[%clk 00:16:39]} {[%emt 00:00:29]} Kf8 {[%clk 01:05:58]} {[%emt 00:01:14]}
38. Rde1 {[%clk 00:15:46]} {[%emt 00:01:03]} Ke7 {[%clk 01:04:45]} {[%emt
00:01:23]} 39. Bc1 {[%clk 00:14:50]} {[%emt 00:01:06]} h3 {[%clk 01:04:13]}
{[%emt 00:00:45]} 40. g3 {[%clk 00:14:03]} {[%emt 00:00:55]} Kd8 {[%clk
01:04:13]} {[%emt 00:00:09]} 41. Rh2 {[%clk 00:14:01]} {[%emt 00:00:11]} f4
{[%clk 01:04:00]} {[%emt 00:00:36]} 42. Reh1 {[%clk 00:13:54]} {[%emt
00:00:05]} fxg3+ {[%clk 01:03:51]} {[%emt 00:00:22]} 43. Kxg3 {[%clk 00:13:54]}
{[%emt 00:00:09]} Bh4# {[%clk 01:03:51]} {[%emt 00:00:05]} 0-1

[Event "2024 National Elementary (K-6) Championship"]
[Site "Columbus, Ohio, United States"]
[Date "2024.04.26"]
[Round "2.14"]
[White "Srinivasan, Sivavishnu"]
[Black "Li, Wan Qin"]
[Result "1-0"]
[TimeControl "G/90; d10"]
[WhiteFideId "39902242"]
[BlackFideId "39928853"]
[WhiteElo "2047"]
[BlackElo "1651"]

1. e4 {[%clk 01:30:00]} {[%emt 00:00:03]} c5 {[%clk 01:30:00]} {[%emt
00:00:07]} 2. Nf3 {[%clk 01:30:00]} d6 {[%clk 01:30:00]} {[%emt 00:00:37]} 3.
d4 {[%clk 01:30:00]} cxd4 {[%clk 01:30:00]} 4. Nxd4 {[%clk 01:30:00]} Nf6
{[%clk 01:29:52]} {[%emt 00:00:08]} 5. Nc3 {[%clk 01:30:00]} {[%emt 00:00:11]}
a6 {[%clk 01:29:44]} {[%emt 00:00:09]} 6. h3 {[%clk 01:30:00]} {[%emt
00:00:16]} Nc6 {[%clk 01:29:44]} 7. Be3 {[%clk 01:30:00]} {[%emt 00:00:06]} e6
{[%clk 01:29:35]} {[%emt 00:00:27]} 8. g4 {[%clk 01:29:11]} {[%emt 00:00:59]}
h6 {[%clk 01:28:44]} {[%emt 00:01:07]} 9. Qd2 {[%clk 01:28:04]} {[%emt
00:00:59]} Be7 {[%clk 01:24:59]} {[%emt 00:03:55]} 10. f4 {[%clk 01:26:29]}
{[%emt 00:01:44]} Bd7 {[%clk 01:20:19]} {[%emt 00:05:15]} 11. O-O-O {[%clk
01:23:48]} {[%emt 00:02:52]} Qc7 {[%clk 01:17:06]} {[%emt 00:02:57]} 12. Be2
{[%clk 01:20:41]} {[%emt 00:03:18]} b5 {[%clk 01:13:31]} {[%emt 00:03:47]} 13.
Bxb5 {[%clk 01:15:14]} {[%emt 00:05:37]} axb5 {[%clk 01:11:11]} {[%emt
00:02:25]} 14. Ndxb5 {[%clk 01:15:14]} {[%emt 00:00:40]} Qb8 {[%clk 01:09:24]}
{[%emt 00:01:31]} 15. Nxd6+ {[%clk 01:15:14]} {[%emt 00:00:11]} Qxd6 {[%clk
01:08:45]} {[%emt 00:00:46]} 16. Qxd6 {[%clk 01:14:55]} {[%emt 00:00:37]} Bxd6
{[%clk 01:08:45]} {[%emt 00:00:03]} 17. Rxd6 {[%clk 01:14:24]} {[%emt
00:00:39]} Rd8 {[%clk 01:06:32]} {[%emt 00:02:21]} 18. Rhd1 {[%clk 01:12:57]}
{[%emt 00:01:37]} e5 {[%clk 00:59:25]} {[%emt 00:07:19]} 19. fxe5 {[%clk
01:10:32]} {[%emt 00:02:32]} Nxe5 {[%clk 00:59:23]} {[%emt 00:00:45]} 20. Bd4
{[%clk 01:08:57]} {[%emt 00:01:25]} Nc4 {[%emt 00:04:25]} 21. Rxf6 {[%clk
01:07:22]} {[%emt 00:00:04]} gxf6 {[%clk 00:55:34]} {[%emt 00:01:12]} 22. Bxf6
{[%clk 01:07:22]} {[%emt 00:00:29]} O-O {[%clk 00:54:08]} {[%emt 00:01:34]} 23.
Bxd8 {[%clk 01:05:51]} {[%emt 00:01:23]} Rxd8 {[%clk 00:54:08]} {[%emt
00:00:07]} 24. Nd5 {[%clk 01:04:58]} {[%emt 00:01:02]} Kg7 {[%clk 00:51:31]}
{[%emt 00:02:47]} 25. b3 {[%clk 01:02:56]} {[%emt 00:02:14]} Ne5 {[%clk
00:51:02]} {[%emt 00:00:36]} 26. Nb6 {[%clk 01:01:34]} {[%emt 00:01:52]} f6
{[%clk 00:48:37]} {[%emt 00:02:18]} 27. Rd6 {[%clk 00:59:10]} {[%emt 00:02:35]}
Kf7 {[%clk 00:48:17]} {[%emt 00:00:30]} 28. Nd5 {[%clk 00:58:18]} {[%emt
00:01:03]} Kg7 {[%clk 00:45:50]} {[%emt 00:02:32]} 29. Nxf6 {[%clk 00:57:18]}
{[%emt 00:01:11]} Nf7 {[%clk 00:42:13]} {[%emt 00:03:49]} 30. Nh5+ {[%clk
00:56:45]} {[%emt 00:00:47]} Kh7 {[%clk 00:37:56]} {[%emt 00:04:21]} 31. Rxd7
{[%clk 00:56:45]} {[%emt 00:00:37]} Rxd7 {[%clk 00:37:55]} 32. Nf6+ {[%clk
00:56:45]} {[%emt 00:00:04]} Kg7 {[%clk 00:37:55]} 33. Nxd7 {[%clk 00:56:45]}
Ng5 {[%clk 00:37:49]} {[%emt 00:00:05]} 34. a4 {[%clk 00:56:23]} {[%emt
00:00:32]} Nxe4 {[%clk 00:37:37]} {[%emt 00:00:19]} 35. a5 {[%clk 00:56:16]}
{[%emt 00:00:17]} Nd6 {[%clk 00:36:58]} {[%emt 00:00:48]} 36. a6 {[%clk
00:56:02]} {[%emt 00:00:25]} Nc8 {[%clk 00:36:34]} {[%emt 00:00:31]} 37. b4
{[%clk 00:56:02]} {[%emt 00:00:20]} Na7 {[%clk 00:36:25]} {[%emt 00:00:05]} 38.
c4 {[%clk 00:56:00]} {[%emt 00:00:39]} Kf7 {[%clk 00:36:25]} {[%emt 00:00:04]}
39. b5 {[%clk 00:56:00]} Ke7 {[%clk 00:36:11]} {[%emt 00:00:14]} 40. b6 {[%clk
00:56:00]} {[%emt 00:00:11]} Nc8 {[%clk 00:35:50]} {[%emt 00:00:22]} 41. a7
{[%clk 00:55:57]} {[%emt 00:00:21]} Kxd7 {[%clk 00:34:19]} {[%emt 00:01:32]} 42.
a8=Q {[%clk 00:55:57]} {[%emt 00:00:17]} Nxb6 {[%clk 00:34:16]} {[%emt
00:00:06]} 43. Qb7+ {[%clk 00:55:57]} {[%emt 00:00:35]} Kd6 {[%clk 00:33:47]}
{[%emt 00:00:09]} 44. Qxb6+ {[%clk 00:55:57]} {[%emt 00:00:30]} Ke5 {[%clk
00:33:47]} 45. c5 {[%clk 00:55:57]} Kd5 {[%clk 00:33:26]} {[%emt 00:00:20]} 46.
c6 {[%clk 00:55:57]} {[%emt 00:00:26]} Kd6 {[%clk 00:33:18]} 47. c7+ {[%clk
00:55:57]} {[%emt 00:00:09]} Kd7 {[%clk 00:33:14]} {[%emt 00:00:08]} 48. Qb7
{[%clk 00:55:57]} {[%emt 00:00:35]} Kd6 {[%clk 00:33:14]} 49. c8=Q {[%clk
00:55:57]} {[%emt 00:00:04]} Ke5 {[%clk 00:33:14]} 50. Qf5+ {[%clk 00:55:57]}
Kd4 {[%clk 00:33:10]} {[%emt 00:00:06]} 51. Kd2 {[%clk 00:55:51]} {[%emt
00:00:16]} h5 {[%clk 00:33:10]} {[%emt 00:00:10]} 52. Qb4# {[%emt 00:00:04]}
1-0

[Event "2024 National Elementary (K-6) Championship"]
[Site "Columbus, Ohio, United States"]
[Date "2024.04.26"]
[Round "2.15"]
[White "Hanke, Harvey"]
[Black "Srinivasan, Shiv"]
[Result "1-0"]
[TimeControl "G/90; d10"]
[WhiteFideId "30999200"]
[WhiteElo "2016"]
[BlackElo "1635"]

1. e4 {[%clk 01:30:00]} {[%emt 00:00:33]} c6 {[%clk 01:30:00]} 2. d4 {[%clk
01:30:00]} d5 {[%clk 01:30:00]} {[%emt 00:00:03]} 3. f3 {[%clk 01:30:00]} dxe4
{[%clk 01:29:30]} {[%emt 00:00:30]} 4. fxe4 {[%clk 01:30:00]} {[%emt 00:00:06]}
e5 {[%clk 01:29:18]} {[%emt 00:00:22]} 5. Nf3 {[%clk 01:30:00]} {[%emt
00:00:06]} exd4 {[%clk 01:29:18]} {[%emt 00:00:09]} 6. Bc4 {[%clk 01:30:00]}
{[%emt 00:00:06]} Bc5 {[%clk 01:26:25]} {[%emt 00:03:01]} 7. O-O {[%clk
01:25:44]} {[%emt 00:04:27]} Nf6 {[%clk 01:22:23]} {[%emt 00:04:11]} 8. Ng5
{[%clk 01:24:53]} {[%emt 00:01:01]} Be6 {[%clk 01:18:05]} {[%emt 00:04:33]} 9.
Bxe6 {[%clk 01:21:48]} {[%emt 00:03:33]} fxe6 {[%clk 01:18:04]} {[%emt
00:00:03]} 10. e5 {[%clk 01:20:38]} {[%emt 00:01:05]} Nd5 {[%clk 01:10:49]}
{[%emt 00:07:25]} 11. Nf7 {[%clk 01:20:02]} {[%emt 00:01:10]} Qe7 {[%clk
01:07:21]} {[%emt 00:03:16]} 12. Nxh8 {[%clk 01:19:54]} {[%emt 00:00:15]} Ne3
{[%clk 01:06:03]} {[%emt 00:01:28]} 13. Bxe3 {[%clk 01:18:07]} {[%emt
00:01:56]} dxe3 {[%clk 01:05:51]} {[%emt 00:00:26]} 14. Kh1 {[%clk 01:18:00]}
{[%emt 00:00:15]} Qd7 {[%clk 01:03:27]} {[%emt 00:02:36]} 15. Qf3 {[%clk
01:15:41]} {[%emt 00:02:33]} Qe7 {[%clk 01:01:23]} {[%emt 00:02:07]} 16. Nf7
{[%clk 01:15:24]} {[%emt 00:00:30]} Na6 {[%clk 00:59:57]} {[%emt 00:01:48]} 17.
Nc3 {[%clk 01:14:02]} {[%emt 00:01:17]} Kd7 {[%clk 00:58:50]} {[%emt 00:03:34]}
18. Ne4 {[%clk 01:13:29]} {[%emt 00:00:03]} Bb6 {[%clk 00:58:14]} {[%emt
00:00:45]} 19. Nfd6 {[%clk 01:13:28]} {[%emt 00:00:23]} Nc7 {[%clk 00:55:59]}
{[%emt 00:02:12]} 20. Rad1 {[%clk 01:12:53]} {[%emt 00:00:52]} Nd5 {[%clk
00:54:00]} {[%emt 00:02:03]} 21. c4 {[%clk 01:12:25]} {[%emt 00:00:37]} Rd8
{[%clk 00:50:07]} {[%emt 00:04:06]} 22. cxd5 {[%clk 01:12:07]} {[%emt
00:00:26]} exd5 {[%clk 00:50:07]} {[%emt 00:00:26]} 23. Qg4+ {[%clk 01:11:26]}
{[%emt 00:00:30]} Kc7 {[%clk 00:49:37]} {[%emt 00:00:40]} 24. Rf7 {[%clk
01:11:23]} {[%emt 00:00:19]} Qd7 {[%clk 00:49:37]} 25. Rxd7+ {[%clk 01:11:21]}
{[%emt 00:00:12]} Rxd7 {[%clk 00:49:33]} {[%emt 00:00:16]} 26. Ng5 {[%clk
01:11:21]} {[%emt 00:00:05]} d4 {[%clk 00:49:23]} {[%emt 00:00:28]} 27. e6
{[%clk 01:10:46]} {[%emt 00:00:37]} Re7 {[%clk 00:49:23]} {[%emt 00:00:15]} 28.
Nf5 {[%clk 01:10:46]} {[%emt 00:00:04]} Re8 {[%clk 00:49:20]} {[%emt 00:00:08]}
29. Qf4+ {[%clk 01:10:37]} {[%emt 00:00:36]} Kd8 {[%clk 00:49:17]} {[%emt
00:00:04]} 30. Qd6+ {[%clk 01:10:17]} {[%emt 00:00:25]} Kc8 {[%clk 00:49:17]}
{[%emt 00:00:09]} 31. Qd7+ {[%clk 01:10:17]} {[%emt 00:00:11]} Kb8 {[%clk
00:49:05]} {[%emt 00:00:25]} 32. Qxe8+ {[%clk 01:10:17]} Kc7 {[%clk 00:49:00]}
{[%emt 00:00:09]} 33. Qd7+ {[%clk 01:10:17]} {[%emt 00:00:30]} Kb8 {[%clk
00:49:00]} {[%emt 00:00:03]} 34. e7 {[%clk 01:10:17]} a6 {[%clk 00:48:56]}
{[%emt 00:00:03]} 35. e8=Q+ {[%clk 01:10:17]} {[%emt 00:00:04]} Ka7 {[%clk
00:48:56]} {[%emt 00:00:06]} 36. Qec8 {[%clk 01:10:17]} {[%emt 00:00:05]} Bc7
{[%clk 00:48:56]} {[%emt 00:00:16]} 37. Qdxc7 {[%clk 01:10:17]} a5 {[%clk
00:48:56]} {[%emt 00:00:04]} 38. Qxa5# {[%clk 01:10:17]} {[%emt 00:00:08]} 1-0